[Event "Chess Super League 2021"]
[Site "Online"]
[Date "2021.10.11"]
[Round "1.1"]
[White "Karjakin, Sergey"]
[Black "Sasikiran, Krishnan"]
[Result "1-0"]
[WhiteElo "2743"]
[BlackElo "2640"]
[Annotator "TA"]
[PlyCount "83"]
[EventDate "2021.10.11"]
[EventType "team-tourn"]
[EventCountry "NET"]
[SourceTitle "playchess.com"]
[Source "ChessBase"]
[SourceQuality "1"]

{[%evp 11,83,16,37,-5,3,-9,0,0,-1,0,0,-12,0,0,10,21,31,-56,-8,-26,10,23,38,42,93,87,95,93,97,92,133,106,60,75,164,156,160,166,150,155,157,155,167,152,166,165,139,151,168,92,180,151,197,127,122,125,113,97,234,234,234,234,233,233,254,257,302,270,381,386,687,668,5406,4934]} 1. e4 c5 2. Nf3 d6 3. d4 cxd4 4. Nxd4 Nf6 5. Nc3 a6 6. h3 e5 7. Nf3 {B90: Sicilian Najdorf: Unusual White 6th moves, 6 Be3 Ng4 and 6 Be3 e5.} Be7 8. g4 h6 9. Rg1 {The position is equal.} b5 {[%cal Bb7b5,Bb5b4][%mdl 32]} 10. g5 hxg5 11. Nxg5 {[#]} Qa5 $146 ({Predecessor:} 11... Bb7 12. Be3 Nbd7 13. a4 b4 14. Bc4 Rf8 15. Nd5 Rc8 16. Qe2 Bxd5 17. exd5 Qa5 18. Bxa6 {0-1 (35) Pfatteicher,L (2212)-Papadiamandis,E (2404) Baden Baden 2021}) 12. Bd2 b4 13. Ne2 Nc6 14. Ng3 (14. a3 $14) 14... Qc7 15. Bc4 Nd8 16. Qe2 a5 17. O-O-O Bd7 (17... Kf8 $14) 18. Kb1 Rc8 19. b3 g6 {[#]} 20. f4 $1 Ne6 21. fxe5 dxe5 22. Rgf1 Rh4 (22... Nd4 $16 23. Qd3 Be6 24. Nxe6 Nxe6) 23. Nxe6 Bxe6 24. Bxe6 fxe6 ({Don't go for} 24... Qxc2+ $2 25. Ka1 $18) 25. Bg5 {[%mdl 64] Double Attack} Rf4 26. Bxf4 exf4 {[#]} 27. e5 $1 Nd5 {[#]} 28. Rxd5 {[%mdl 576] Remove Defender} exd5 29. Rxf4 Qc5 30. Qd3 ({White should try} 30. h4 $18) 30... Rc6 (30... Qc3 $16 {keeps fighting.}) 31. Ne2 $36 {[%mdl 2048] Nd4 is the strong threat. White has strong initiative.} Re6 32. Nd4 (32. Rg4 $18) 32... Rxe5 $16 33. Qxg6+ Kd7 {( -> ...Re1+)} 34. Qg4+ Kd6 {A mistake that costs the game.} (34... Kc7 $16 35. a4 (35. Ne6+ Rxe6 36. Qxe6 Qg1+ 37. Kb2 Qg7+ 38. Kc1 Bg5 $11) 35... bxa3) 35. Rf1 $18 {Black must now prevent Qf4.} Re4 36. Nf5+ ({Don't play} 36. Qg6+ Kd7) 36... Kc7 37. Qg3+ Kb7 38. h4 Bf8 39. Qd3 Re5 (39... Re6 {was called for.} 40. h5 Rf6) 40. h5 Qb6 $2 (40... Qc3 41. Qxc3 bxc3) 41. h6 Qg6 42. h7 {Weighted Error Value: White=0.13/Black=0.35} 1-0

[Event "Chess Super League 2021"]
[Site "Online"]
[Date "2021.10.11"]
[Round "1.1"]
[White "Nakamura, Hikaru"]
[Black "Koneru, Humpy"]
[Result "1-0"]
[WhiteElo "2736"]
[BlackElo "2586"]
[Annotator "TA"]
[PlyCount "91"]
[EventDate "2021.10.11"]
[EventType "team-tourn"]
[EventCountry "NET"]
[SourceTitle "playchess.com"]
[Source "ChessBase"]
[SourceQuality "1"]

{[%evp 19,91,18,13,9,37,18,18,18,29,16,43,44,61,61,55,57,116,54,58,31,50,49,50,45,71,70,98,100,106,106,106,106,106,107,108,112,112,83,102,102,108,108,159,155,145,144,151,144,148,141,378,378,378,375,328,335,876,782,29973,29975,29975,29977,29977,29978,29979,29980,29979,29980,29979,29981,29981,29982,29982,29983]} 1. Nf3 Nf6 2. b3 b6 3. Bb2 Bb7 4. g3 e6 5. Bg2 Be7 6. O-O O-O 7. c4 c5 8. d4 cxd4 9. Qxd4 $1 {The main line 9.Qxd4 scores better than 9.Nxd4.} Nc6 10. Qf4 d5 11. Rd1 {A30: Symmetrical English: Double Fianchetto and Hedgehog.} Qb8 12. Ne5 Bd6 {[%cal Rc6e5]} 13. Nxc6 {The position is equal.} Bxc6 {[#]} 14. Qd2 $5 $146 {[%cal Rc4d5][%mdl 8] An interesting novelty.} (14. Qe3 {looks sharper.} Bc5 15. Qf3 Ne4 16. e3 f5 17. Qe2) ({Predecessor:} 14. Qh4 Be7 15. Nc3 Qb7 16. cxd5 Nxd5 17. Qc4 b5 18. Qd3 Rfd8 19. Nxd5 Bxd5 20. Bxd5 Rxd5 {½-½ (33) Melkumyan,H (2640)-Inarkiev,E (2730) Izmir 2016}) 14... Be5 15. Nc3 Rd8 16. cxd5 exd5 17. Rac1 h6 (17... Rd7 $14) 18. Nb1 (18. f4 $16 Bxc3 19. Qxc3) 18... Bb7 19. Bd4 Qd6 20. Nc3 Bxd4 21. Qxd4 Qe7 22. e3 Rac8 {[#]} 23. Nxd5 $1 {[%mdl 64] Deflection} Bxd5 (23... Nxd5 24. Rxc8) 24. Rxc8 {[%mdl 64] Overworked Piece} Rxc8 25. Bxd5 Nxd5 26. Qxd5 $16 {[%mdl 4096] Endgame KQR-KQR} Rc2 27. Qd8+ Qxd8 28. Rxd8+ {KR-KR} Kh7 29. Rd7 Rxa2 30. Rxf7 Ra3 ({Better is} 30... Kg6 31. Rb7 Kf6) 31. Rb7 Kg6 32. h4 h5 33. Kg2 Kf6 34. Kf3 g6 $2 {[#] Black cannot hold the game after this.} (34... Rxb3 $16 {keeps fighting.} 35. Rxa7 Rb2) 35. Kf4 $1 $18 Rxb3 36. Rxa7 Rb5 {intending ...Rf5+.} 37. e4 g5+ $2 (37... Rc5 38. Rb7 Rb5) 38. hxg5+ Rxg5 {[#]} 39. Rf7+ $3 {[%mdl 576] Deflection. White mates.} Kxf7 (39... Kg6 40. Rg7+) 40. Kxg5 {K3P-KPP} Ke6 41. Kf4 ({Weaker is} 41. Kxh5 b5 $18) 41... Kd6 42. Ke3 Kc5 43. e5 Kd5 44. f4 b5 45. Kd3 b4 46. Kc2 {Weighted Error Value: White=0.03/Black=0.29} 1-0

[Event "Chess Super League 2021"]
[Site "Online"]
[Date "2021.10.11"]
[Round "1.1"]
[White "Aryan Chopra"]
[Black "Iniyan, P."]
[Result "1-0"]
[WhiteElo "2585"]
[BlackElo "2529"]
[Annotator "ChessBase"]
[PlyCount "89"]
[EventDate "2021.10.11"]
[EventType "team-tourn"]
[EventCountry "NET"]
[SourceTitle "playchess.com"]
[Source "ChessBase"]
[SourceQuality "1"]
[TimeControl "900+10"]

1. Nf3 {[%emt 0:00:18]} Nf6 {[%emt 0:00:27]} 2. g3 {[%emt 0:00:02]} e6 {[%emt 0:00:08]} 3. Bg2 {[%emt 0:00:26]} b5 {[%emt 0:00:42]} 4. O-O {[%emt 0:00:39]} Bb7 {[%emt 0:00:07]} 5. d4 {[%emt 0:00:16]} c5 {[%emt 0:00:14]} 6. Na3 {[%emt 0:00:06]} b4 {[%emt 0:00:12]} 7. Nc4 {[%emt 0:00:04]} cxd4 {[%emt 0:00:41]} 8. a3 {[%emt 0:00:20]} Qc7 {[%emt 0:00:37]} 9. Qxd4 {[%emt 0:02:58]} d5 {[%emt 0:00:28]} 10. Nce5 {[%emt 0:01:26]} Bc5 {[%emt 0:00:21]} 11. Qd1 {[%emt 0:03:53]} bxa3 {[%emt 0:00:13]} 12. bxa3 {[%emt 0:00:20]} Ne4 {[%emt 0:00:40]} 13. c4 {[%emt 0:02:39]} O-O {[%emt 0:03:31]} 14. Bf4 {[%emt 0:01:05]} Qe7 {[%emt 0:00:12]} 15. Qb3 {[%emt 0:01:07]} f6 {[%emt 0:00:04]} 16. Nd3 {[%emt 0:00:04]} dxc4 {[%emt 0:00:01]} 17. Qxc4 {[%emt 0:00:02]} Bd5 {[%emt 0:00:01]} 18. Qa4 {[%emt 0:00:51]} Bb6 {[%emt 0:00:10]} 19. Rac1 {[%emt 0:00:32]} Nd7 {[%emt 0:01:46]} 20. Nb4 {[%emt 0:00:05]} g5 {[%emt 0:00:23]} 21. Bd2 {[%emt 0:00:34]} g4 {[%emt 0:00:12]} 22. Nxd5 {[%emt 0:00:02]} exd5 {[%emt 0:00:02]} 23. Bb4 {[%emt 0:00:03]} Ndc5 {[%emt 0:01:17]} 24. Nh4 {[%emt 0:00:16]} Nxa4 {[%emt 0:02:48]} 25. Bxe7 {[%emt 0:00:03]} Rf7 {[%emt 0:00:02]} 26. Bxe4 {[%emt 0:00:01]} dxe4 {[%emt 0:00:02]} 27. Nf5 {[%emt 0:00:01]} Kh8 {[%emt 0:00:06]} 28. Rc6 {[%emt 0:00:25]} Rxe7 {[%emt 0:00:22]} 29. Nxe7 {[%emt 0:00:03]} Rd8 {[%emt 0:00:00]} 30. Rxf6 {[%emt 0:00:32]} Rd2 {[%emt 0:00:19]} 31. e3 {[%emt 0:00:04]} Nc3 {[%emt 0:00:04]} 32. Nf5 {[%emt 0:00:14]} Kg8 {[%emt 0:00:08]} 33. Kg2 {[%emt 0:00:19]} Nd1 {[%emt 0:00:18]} 34. Kg1 {[%emt 0:00:15]} Nc3 {[%emt 0:00:06]} 35. Rc6 {[%emt 0:00:11]} Rd3 {[%emt 0:00:28]} 36. Nh6+ {[%emt 0:00:09]} Kg7 {[%emt 0:00:01]} 37. Nxg4 {[%emt 0:00:01]} Ne2+ {[%emt 0:00:01]} 38. Kg2 {[%emt 0:00:01]} Rxa3 {[%emt 0:00:00]} 39. Rd1 {[%emt 0:00:05]} Rd3 {[%emt 0:00:07]} 40. Rxd3 {[%emt 0:00:08]} exd3 {[%emt 0:00:00]} 41. Rd6 {[%emt 0:00:03]} Nc1 {[%emt 0:00:07]} 42. Ne5 {[%emt 0:00:02]} Bc5 {[%emt 0:00:15]} 43. Rd7+ {[%emt 0:00:04]} Kf6 {[%emt 0:00:01]} 44. Nxd3 {[%emt 0:00:00]} Nxd3 {[%emt 0:00:02]} 45. Rxd3 {[%emt 0:00:00]} 1-0

[Event "Chess Super League 2021"]
[Site "Online"]
[Date "2021.10.11"]
[Round "1.1"]
[White "Muzychuk, Mariya"]
[Black "Hou, Yifan"]
[Result "1-0"]
[WhiteElo "2536"]
[BlackElo "2658"]
[Annotator "TA"]
[PlyCount "85"]
[EventDate "2021.10.11"]
[EventType "team-tourn"]
[EventCountry "NET"]
[SourceTitle "playchess.com"]
[Source "ChessBase"]
[SourceQuality "1"]

{[%evp 14,85,85,63,68,56,114,114,97,95,122,95,94,97,119,119,112,113,127,114,166,177,176,162,156,171,364,341,317,165,175,193,257,221,245,250,258,206,242,246,216,186,197,161,167,120,462,461,454,408,398,365,386,385,270,168,175,131,437,380,388,355,342,329,1177,1088,1939,1750,1781,1689,12831,4994,12837,12837]} 1. e4 c5 2. Nc3 a6 3. g3 b5 4. Bg2 Bb7 5. Nge2 Nf6 6. O-O d6 7. d4 cxd4 8. Nxd4 e5 {B91: Sicilian Najdorf: 6 g3.} 9. Nf5 b4 (9... Qc7 $14) 10. Nd5 $16 Nxd5 {White is better.} 11. exd5 g6 12. Ne3 Nd7 {[#]} 13. a3 $146 ({Predecessor:} 13. Nc4 Qc7 14. b3 Bg7 15. Bb2 O-O 16. a3 a5 17. axb4 axb4 18. Qd2 Ba6 19. Qxb4 Bxc4 20. Qxc4 Qxc4 21. bxc4 {½-½ (39) Strasil,P (2094)-Vesely,T (2140) Czech Republic 2012}) 13... a5 14. axb4 axb4 15. Bd2 Ba6 16. Re1 ({Much less strong is} 16. Bxb4 $6 Bxf1 17. Qxf1 (17. Bxf1 Be7 $11) 17... Be7 $11) 16... b3 (16... Be7 $16 {might work better.}) 17. cxb3 $18 Be7 18. Nc4 O-O {[#]} 19. Na5 $1 Nc5 $2 (19... f5 20. Nc6 Qe8) 20. Nc6 Qd7 21. Bc3 (21. Bh6 $142) 21... Bb5 22. Rxa8 Rxa8 {[#]} 23. b4 $1 {[%cal Rb4c5]} Na4 24. Bxe5 dxe5 25. Nxe7+ Qxe7 26. d6 {[%mdl 64] Discovered Attack} Qd8 27. Bxa8 Qxa8 28. Rxe5 Bd7 29. Qd4 {Black must now prevent Re7.} Bh3 $2 {[%mdl 8192]} (29... Nb6 $16 {is tougher.}) 30. Qe4 Qxe4 31. Rxe4 Bd7 32. f4 Kf8 33. Re7 Nb6 34. Kf2 Be6 35. Rb7 Nd7 {[%mdl 8192] A mistake that costs the game.} (35... Nc4 $16) 36. b5 Ke8 37. Ra7 {Ra8+ is the strong threat.} Nb6 38. Ra6 Nc4 (38... Nc8 39. Ke3 Kd7) 39. b3 {White is clearly winning.} Nd2 40. Ke3 Nxb3 41. b6 Bd5 42. Ra7 Kd8 43. b7 {[%cal Rb7b8] Weighted Error Value: White=0.17/Black=0.42} 1-0

[Event "Chess Super League 2021"]
[Site "Online"]
[Date "2021.10.11"]
[Round "1.1"]
[White "Tania, Sachdev"]
[Black "Gomes, Mary Ann"]
[Result "0-1"]
[WhiteElo "2392"]
[BlackElo "2354"]
[Annotator "ChessBase"]
[PlyCount "66"]
[EventDate "2021.10.11"]
[EventType "team-tourn"]
[EventCountry "NET"]
[SourceTitle "playchess.com"]
[Source "ChessBase"]
[SourceQuality "1"]
[TimeControl "900+10"]

1. d4 {[%emt 0:02:15]} Nf6 {[%emt 0:00:24]} 2. c4 {[%emt 0:00:02]} e6 {[%emt 0:00:03]} 3. Nf3 {[%emt 0:00:02]} Bb4+ {[%emt 0:00:03]} 4. Bd2 {[%emt 0:00:01]} Qe7 {[%emt 0:00:03]} 5. g3 {[%emt 0:00:09]} Bxd2+ {[%emt 0:00:04]} 6. Qxd2 {[%emt 0:00:05]} Nc6 {[%emt 0:00:03]} 7. b3 {[%emt 0:00:16]} d5 {[%emt 0:00:36]} 8. Bg2 {[%emt 0:00:11]} O-O {[%emt 0:00:09]} 9. O-O {[%emt 0:00:09]} dxc4 {[%emt 0:00:47]} 10. bxc4 {[%emt 0:00:00]} Rd8 {[%emt 0:00:02]} 11. Qb2 {[%emt 0:00:07]} Ne4 {[%emt 0:01:27]} 12. e3 {[%emt 0:01:39]} Bd7 {[%emt 0:03:23]} 13. Nbd2 {[%emt 0:00:34]} Nxd2 {[%emt 0:00:13]} 14. Nxd2 {[%emt 0:00:00]} Rab8 {[%emt 0:00:09]} 15. Rfc1 {[%emt 0:01:53]} Nb4 {[%emt 0:00:33]} 16. Qc3 {[%emt 0:01:08]} c5 {[%emt 0:01:50]} 17. a3 {[%emt 0:01:26]} Na6 {[%emt 0:00:04]} 18. Qa5 {[%emt 0:02:22]} Bc8 {[%emt 0:01:33]} 19. d5 {[%emt 0:00:44]} b6 {[%emt 0:00:18]} 20. Qa4 {[%emt 0:00:11]} exd5 {[%emt 0:00:35]} 21. cxd5 {[%emt 0:00:02]} b5 {[%emt 0:00:00]} 22. Qf4 {[%emt 0:00:19]} Bb7 {[%emt 0:00:21]} 23. e4 {[%emt 0:00:01]} c4 {[%emt 0:00:02]} 24. Rab1 {[%emt 0:01:47]} Nc5 {[%emt 0:00:20]} 25. Qe3 {[%emt 0:00:03]} a6 {[%emt 0:00:22]} 26. Qc3 {[%emt 0:00:53]} Rbc8 {[%emt 0:00:34]} 27. Re1 {[%emt 0:01:08]} Nd3 {[%emt 0:00:44]} 28. Re3 {[%emt 0:00:22]} Qc5 {[%emt 0:00:50]} 29. Bf1 {[%emt 0:00:19]} f5 {[%emt 0:00:44]} 30. Nxc4 {[%emt 0:00:53]} fxe4 {[%emt 0:00:07]} 31. Bxd3 {[%emt 0:00:17]} exd3 {[%emt 0:00:07]} 32. Re4 {[%emt 0:00:31]} Qxd5 {[%emt 0:00:14]} 33. f3 {[%emt 0:00:07]} Rxc4 {[%emt 0:00:11]} 0-1

[Event "Chess Super League 2021"]
[Site "Online"]
[Date "2021.10.11"]
[Round "1.1"]
[White "Priyanka, Kumari"]
[Black "Mrudul Dehankar"]
[Result "1-0"]
[WhiteElo "1910"]
[BlackElo "2256"]
[Annotator "ChessBase"]
[PlyCount "75"]
[EventDate "2021.10.11"]
[EventType "team-tourn"]
[EventCountry "NET"]
[SourceTitle "playchess.com"]
[Source "ChessBase"]
[SourceQuality "1"]
[TimeControl "900+10"]

1. e4 {[%emt 0:00:11]} c5 {[%emt 0:00:16]} 2. Nf3 {[%emt 0:00:01]} d6 {[%emt 0:00:02]} 3. d4 {[%emt 0:00:01]} cxd4 {[%emt 0:00:01]} 4. Nxd4 {[%emt 0:00:01]} Nf6 {[%emt 0:00:02]} 5. Nc3 {[%emt 0:00:01]} a6 {[%emt 0:00:01]} 6. h4 {[%emt 0:00:02]} e5 {[%emt 0:01:52]} 7. Nb3 {[%emt 0:00:04]} Be6 {[%emt 0:01:26]} 8. f4 {[%emt 0:00:11]} Be7 {[%emt 0:02:09]} 9. Be2 {[%emt 0:00:43]} b5 {[%emt 0:01:50]} 10. g4 {[%emt 0:00:26]} b4 {[%emt 0:01:28]} 11. Nd5 {[%emt 0:00:10]} Bxd5 {[%emt 0:04:10]} 12. exd5 {[%emt 0:00:05]} Ne4 {[%emt 0:00:04]} 13. g5 {[%emt 0:02:37]} Qb6 {[%emt 0:00:09]} 14. Rf1 {[%emt 0:01:09]} Ng3 {[%emt 0:00:55]} 15. Rf2 {[%emt 0:00:52]} Nxe2 {[%emt 0:00:11]} 16. Qxe2 {[%emt 0:00:11]} Nd7 {[%emt 0:00:02]} 17. Be3 {[%emt 0:00:43]} Qb7 {[%emt 0:00:59]} 18. O-O-O {[%emt 0:01:59]} Qb5 {[%emt 0:02:04]} 19. Kb1 {[%emt 0:02:32]} Qxe2 {[%emt 0:00:20]} 20. Rxe2 {[%emt 0:00:01]} O-O {[%emt 0:00:01]} 21. Na5 {[%emt 0:00:16]} Bd8 {[%emt 0:00:11]} 22. Nc6 {[%emt 0:00:25]} a5 {[%emt 0:00:02]} 23. fxe5 {[%emt 0:00:25]} dxe5 {[%emt 0:00:07]} 24. Bf2 {[%emt 0:00:27]} f6 {[%emt 0:00:15]} 25. gxf6 {[%emt 0:00:10]} gxf6 {[%emt 0:00:23]} 26. c4 {[%emt 0:00:16]} bxc3 {[%emt 0:00:16]} 27. bxc3 {[%emt 0:00:01]} Kf7 {[%emt 0:00:05]} 28. Rb2 {[%emt 0:00:30]} Rg8 {[%emt 0:00:11]} 29. Rb7 {[%emt 0:00:35]} Ke8 {[%emt 0:00:01]} 30. c4 {[%emt 0:00:59]} Rg2 {[%emt 0:00:03]} 31. Be3 {[%emt 0:00:18]} Rg3 {[%emt 0:00:17]} 32. Re1 {[%emt 0:00:11]} Rg4 {[%emt 0:00:11]} 33. c5 {[%emt 0:00:09]} Rc4 {[%emt 0:00:17]} 34. Rg1 {[%emt 0:00:15]} Nf8 {[%emt 0:00:13]} 35. Rgg7 {[%emt 0:00:15]} Ng6 {[%emt 0:00:10]} 36. h5 {[%emt 0:00:12]} Nf8 {[%emt 0:00:15]} 37. Rge7+ {[%emt 0:00:07]} Bxe7 {[%emt 0:00:01]} 38. Rxe7# {[%emt 0:00:01]} 1-0

[Event "Chess Super League 2021"]
[Site "Online"]
[Date "2021.10.11"]
[Round "1.2"]
[White "Radjabov, Teimour"]
[Black "Ding, Liren"]
[Result "1/2-1/2"]
[WhiteElo "2763"]
[BlackElo "2799"]
[Annotator "TA"]
[PlyCount "65"]
[EventDate "2021.10.11"]
[EventType "team-tourn"]
[EventCountry "NET"]
[SourceTitle "playchess.com"]
[Source "ChessBase"]
[SourceQuality "1"]

{[%evp 13,65,0,0,0,0,0,4,0,0,0,0,0,0,0,0,0,0,0,0,0,0,0,0,0,0,0,0,-28,-27,-37,-33,-33,-13,-15,-5,0,0,0,0,0,0,0,0,0,0,0,0,0,0,0,0,0,0,0]} 1. d4 Nf6 2. c4 e6 3. Nc3 Bb4 4. Qc2 O-O 5. e4 d5 6. e5 Ne4 7. Bd3 c5 $1 {[%cal Rc5d4]} 8. Nge2 {E32: Nimzo-Indian: Classical (4 Qc2): 4...0-0.} cxd4 9. Nxd4 Nd7 10. Bf4 Qh4 11. g3 Qh5 12. O-O Bxc3 13. bxc3 g5 $1 {[%cal Rg5f4]} 14. cxd5 exd5 15. Bxe4 dxe4 16. e6 gxf4 17. exd7 Bxd7 18. Qxe4 {[%mdl 64] [#] Double Attack} fxg3 19. fxg3 b6 {[#]} 20. Rae1 $146 ({Predecessor:} 20. Nf5 Rae8 21. Qd5 Bxf5 22. Rxf5 Qe2 23. Raf1 Qe3+ 24. R1f2 Qe1+ 25. Rf1 Qe3+ 26. R1f2 Qe1+ 27. Rf1 Qe3+ {½-½ (27) So,W (2770)-Nakamura,H (2736) chess24.com INT 2021}) 20... Rae8 21. Qf3 Qxf3 22. Nxf3 Rxe1 (22... Bg4 {is more complex.} 23. Rxe8 Rxe8 24. Nd4 Rc8 25. Rc1 Rc5) 23. Rxe1 $15 {[%mdl 4096] Endgame KRB-KRN. The position is equal.} Rc8 24. Re7 Rxc3 (24... Be6 {looks sharper.} 25. Nd4 Bg4 26. Rxa7 Rxc3 27. Ra8+ Kg7) 25. Rxd7 {[#] And now Nd4 would win.} Rxf3 26. Rxa7 $11 {KR-KR} b5 27. Rb7 Ra3 28. Rxb5 Rxa2 29. Rg5+ Kf8 30. Rh5 Kg8 31. Rg5+ $1 Kf8 32. Rh5 Kg8 33. Rg5+ {Weighted Error Value: White=0.02/Black=0.01} 1/2-1/2

[Event "Chess Super League 2021"]
[Site "Online"]
[Date "2021.10.11"]
[Round "1.2"]
[White "Gupta, Abhijeet"]
[Black "Karthikeyan, Murali"]
[Result "1-0"]
[WhiteElo "2628"]
[BlackElo "2630"]
[Annotator "TA"]
[PlyCount "159"]
[EventDate "2021.10.11"]
[EventType "team-tourn"]
[EventCountry "NET"]
[SourceTitle "playchess.com"]
[Source "ChessBase"]
[SourceQuality "1"]

{[%evp 11,159,-6,0,-1,0,0,17,0,0,-20,0,0,0,0,0,-1,0,7,0,8,0,0,10,24,3,20,13,16,15,12,15,29,39,37,24,22,172,150,145,145,171,129,148,74,60,69,70,19,173,16,83,81,89,83,80,82,85,62,43,46,49,45,41,48,59,8,8,0,0,0,16,8,11,0,23,23,24,23,59,65,74,8,16,16,16,16,16,16,23,23,23,23,341,287,5708,5667,5348,4848,29974,4137,4133,1188,4129,4129,29969,29969,29970,29969,29971,29972,29973,29974,29974,29974,29974,29974,29974,0,29970,29971,29972,29972,29976,29977,29977,29973,29972,29973,29973,29974,29973,29971,29979,29980,29980,29980,29981,29982,29982,29983,29989,29985,29985,29983,29987,29984,29986,29987,29987,29988]} 1. d4 Nf6 2. c4 e6 3. Nc3 Bb4 4. e3 O-O 5. Bd2 d5 6. Nf3 Nbd7 7. Rc1 {now supersedes 7.Bd3. E51: Nimzo-Indian: Rubinstein: 4...0-0 5 Nf3 d5.} c6 8. Qc2 $5 {[%mdl 4] An interesting side line.} Qe7 9. a3 {The position is equal.} Bd6 10. Be2 dxc4 11. Bxc4 e5 {[#]} 12. O-O $146 ({Predecessor:} 12. h3 exd4 13. Nxd4 Ne5 14. Be2 Ng6 15. Nf5 Bxf5 16. Qxf5 Rad8 17. h4 Ne5 18. h5 {½-½ (26) Zvjaginsev,V (2608)-Predke,A (2673) Moscow 2021}) 12... e4 13. Ng5 {[%cal Rc3e4] [#]} Bxh2+ $1 14. Kxh2 {[%cal Rc3e4]} Ng4+ 15. Kg1 Qxg5 16. Qxe4 Qh4 {[%csl Gg4][%cal Rh4h2]} 17. Qf4 {And now f3 would win.} g5 $132 {[%mdl 2048] Black is not holding back} 18. Qg3 Qxg3 19. fxg3 {next Rf5 is good for White.} Nb6 20. Bd3 h6 21. Ne4 Nd5 22. Rf3 Rd8 23. Rcf1 Rd7 (23... f5 $11 {and Black has nothing to worry.} 24. Nf2 Nxf2 25. R1xf2 (25. R3xf2 Re8 $11) 25... g4 26. Rxf5 Bxf5 27. Bxf5 h5) 24. Nc5 Re7 {[%cal Rd5e3]} 25. e4 Nb6 26. Bb4 a5 27. Na4 axb4 $16 28. Nxb6 Rb8 {[#]} 29. Bc4 (29. Rxf7 $1 $14 Rxf7 30. Bc4 {[%mdl 64] Pin}) 29... bxa3 $2 (29... Rxe4 $11 30. Nxc8 (30. Rxf7 Be6 $11) (30. Bxf7+ Kg7 $11) (30. axb4 Be6 $17) 30... Rxc8) 30. bxa3 $2 (30. Rxf7 Rxf7 31. Rxf7 (31. Bxf7+ Kg7 $14) 31... axb2 $16) (30. Bxf7+ $18 Rxf7 31. Rxf7) 30... Be6 (30... Rxe4 $11 {keeps the balance.} 31. Nxc8 (31. Rxf7 Be6 $11) (31. Bxf7+ Kg7 $11) 31... Rxc8) 31. d5 cxd5 32. exd5 Ne5 33. dxe6 Nxf3+ 34. Rxf3 fxe6 35. Rd3 Kg7 36. Rd6 Rf8 37. a4 ({Not} 37. Rxe6 $2 Rxe6 38. Bxe6 Rf6 $19) (37. Bxe6 Rf6 $11) 37... h5 38. a5 ({Wrong is} 38. Rxe6 $2 Rxe6 39. Bxe6 Rf6 $19) ({But not} 38. Bxe6 Rf6 $15) ({White should try} 38. Bd3 $14) 38... Rf5 $11 39. Kh2 Rxa5 40. Bxe6 Re5 41. Bc4 Rc7 42. Bd3 Rc6 43. Rd7+ {[%mdl 64] Double Attack} Kf8 44. Rxb7 {Threatens to win with Nd7+.} Re7 45. Rb8+ Kg7 $1 46. Nd5 ({Better is} 46. Nc4 $16) 46... Re1 {Black wants to play ...Rcc1.} 47. Rb7+ Kf8 {White must now prevent ...Rcc1.} 48. Rb1 Rxb1 49. Bxb1 Re6 50. g4 h4 51. Bf5 Re2 {[%mdl 8192] [#] White now steadily converts the win.} (51... Re1 $11 {and Black stays safe.}) 52. Nc3 $1 $18 {[%cal Rc3e2]} Rb2 (52... Re7 53. Ne4 Rg7) 53. Ne4 Kg7 54. Nxg5 Kh6 55. Nf3 (55. Ne6 $142 Rb7 56. g5+ Kh5 57. g6 Kh6 58. g7 Rb8 59. Kh3 Rg8 60. Kxh4 Rxg7 61. Nxg7) 55... Ra2 56. Kh3 (56. Nxh4 $142 Ra4 57. Nf3) 56... Ra1 57. Kxh4 Rh1+ 58. Kg3 Ra1 59. Kf4 Ra4+ 60. Be4 Rb4 61. g5+ Kg7 62. g3 Ra4 63. Ne5 Ra1 64. Nf3 $2 (64. Nd7 {mates} Rf1+ 65. Ke5 Kh8 66. Nf6 Rf2 67. g6 Rh2 68. g4 Rh4 69. Kf5) 64... Rc1 $2 {[%mdl 8192]} (64... Ra4 $11 65. Nh4 Kf7) 65. Nd4 {White mates.} Rf1+ 66. Kg4 Re1 67. Bf5 Re5 68. Kf4 Ra5 69. Ne6+ Kf7 70. g4 Ra4+ 71. Kg3 Ra1 72. g6+ Kg8 73. Kh4 Rc1 74. Kg5 Ra1 75. Nf4 Kh8 76. Nh5 Ra6 77. Kh6 Rb6 78. Nf4 Rb7 79. g7+ Rxg7 80. Ng6+ {Weighted Error Value: White=0.20/Black=0.52} 1-0